| 000 | 00413 a2200145 4500 | ||
|---|---|---|---|
| 005 | 20250628161043.0 | ||
| 020 | _a13: 978 0-007-298736-2 | ||
| 082 | _a7301'89DIL. | ||
| 100 | _aDILTS, A. D. | ||
| 245 | _aCasses In Collective Bargaining & Industrial Relations, | ||
| 250 | _a11th Ed. | ||
| 260 |
_aNew York, _bMc Graw Hill Irwin, _c2007. |
||
| 300 |
_axiv.; 338p.; Ill.; picture, _bIndex, _c23cm. |
||
| 942 |
_2ddc _cBKS |
||
| 999 |
_c6106 _d6106 |
||